000 00979nam a2200253 a 4500
001 BRCA_5421
005 20190320205053.0
008 750204s1936 nyua######---#000-0#eng-#
041 _aeng
044 _amyu
050 4 _aND813.U77
_b.T73 1936
100 1 _aTrapier, Elizabeth du Gué
_913852
245 1 0 _aDaniel Urrabieta Vierge
_bin the collection of the Hispanic society of America : plates
_cby Elizabeth Du Gué Trapier
260 _aNueva York
_bOrder of the Trustees
_c1936
300 _acxlv
_btodas il., 145 láminas
_c19 cm.
440 0 _aHispanic Notes & Monographs: essays, studies and brief biographies issued by the Hispanic Society of America
_97657
500 _aIncluye índice de láminas
500 _aUn volumen de acompañamiento con texto descriptivo ha sido emitido por la Sociedad
500 _aM27
600 1 4 _aUrrabieta Vierge, Daniel
_d1851-1904
_913853
610 2 4 _aThe Hispanic Society of America
_910966
902 _aGFM
942 _2lcc
_cB
999 _c5115
_d5115